K modelovaniu finančného a investičného manažmentu. 1 Riadenie korunou

Subjekt a objekt finančného riadenia. Ukazovatele s najvyššou vypovedacou schopnosťou o finančnej sile firmy. Rámcový model finančných tokov v manažmente firmy. Vnútorné a vonkajšie finančné zdroje firiem.

Guardado en:
Detalles Bibliográficos
Autor principal: Jemala, Ľubomír
Formato: Capítulo de libro
Lenguaje:eslovaco
Materias:
Etiquetas: Agregar Etiqueta
Sin Etiquetas, Sea el primero en etiquetar este registro!

MARC

LEADER 00000naa a2200000 4500
001 r000412
005 20221213114517.1
041 0 |a slo 
044 |a SK 
245 1 0 |a K modelovaniu finančného a investičného manažmentu. 1  |b Riadenie korunou  |c Ľ. Jemala 
520 |a Subjekt a objekt finančného riadenia. Ukazovatele s najvyššou vypovedacou schopnosťou o finančnej sile firmy. Rámcový model finančných tokov v manažmente firmy. Vnútorné a vonkajšie finančné zdroje firiem. 
610 2 0 |a manažment finančný 
610 2 0 |a hospodárenie finančné 
610 2 0 |a podnik 
610 2 0 |a cash flow 
610 2 0 |a ukazovatele finančné 
610 2 0 |a modely 
610 2 0 |a zdroje finančné vlastné 
610 2 0 |a zdroje finančné cudzie 
610 2 0 |a investície 
100 1 |a Jemala, Ľubomír